| 000 | 00464pam a2200157a 44500 | ||
|---|---|---|---|
| 008 | 230515b1989 xxu||||| |||| 00| 0 eng d | ||
| 020 | _aNULL | ||
| 041 | _aENGL | ||
| 082 | _a304.6 SAL. | ||
| 100 | _a"SALKAR K. R.," | ||
| 245 | _aPOPULATION EDUCATION FOR DEVELOPING COUNTRIES | ||
| 250 | _a0 | ||
| 260 |
_aNEW DELHI _bSTERLING PUBLISHERS P LTD _c1989 |
||
| 300 | _aNULL | ||
| 650 | _a"SOCIOLOGY,POPULATION AND EDUCATION,POPULATION PROBLEM,ECONOMIC DEVELOPMENT" | ||
| 999 |
_c537357 _d537357 |
||